| 000 | 007050000a22002170004500 | ||
|---|---|---|---|
| 003 | LK-CoMWRAF | ||
| 005 | 20231106165718.0 | ||
| 008 | 230817t1991 ||||| |||| 00| 0 eng d | ||
| 020 | _a0803933053 | ||
| 040 |
_aLK-CoMWRAF _dLK-CoMWRAF _eLK-CoMWRAF |
||
| 041 | _aeng | ||
| 082 |
_a302.2 _bCLA |
||
| 100 | _aClark, Ruth Anne | ||
| 245 |
_aStudying interpersonal communication: _bthe research experience |
||
| 260 |
_aNewbury Park: _bSage Publications, _c1991 |
||
| 300 |
_axiii, 166 p. : ill. ; 24 cm. _bBibliography and index included. |
||
| 490 |
_aInterpersonal commtexts _v2 |
||
| 650 | _aINTERPERSONAL COMMUNICATION | ||
| 650 | _aInterpersonal communication--Research--Methodology | ||
| 942 | _cBK | ||
| 999 |
_c1214 _d1214 |
||